Arixtốt và tư duy khoa học /
Wedi'i Gadw mewn:
| Fformat: | Sách giấy |
|---|---|
| Iaith: | Vietnamese |
| Cyhoeddwyd: |
Hà Nội :
Kim đồng ,
1999
|
| Tagiau: |
Ychwanegu Tag
Dim Tagiau, Byddwch y cyntaf i dagio'r cofnod hwn!
|
| Thư viện lưu trữ: | Thư viện Trường Đại học Đà Lạt |
|---|
| LEADER | 00562nam a2200241 4500 | ||
|---|---|---|---|
| 001 | DLU020014858 | ||
| 005 | ##7/8/2000 | ||
| 020 | # | # | |a 978- |
| 041 | # | # | |a vie |
| 082 | # | # | |a 921 |b PA-S |
| 090 | # | # | |a 921 |b PA-S |
| 245 | # | # | |a Arixtốt và tư duy khoa học / |c Nguyễn Việt Dũng, Parker Steve |
| 260 | # | # | |a Hà Nội : |b Kim đồng , |c 1999 |
| 300 | # | # | |a 28 tr.; |c 21 cm. |
| 992 | # | # | |a 4000 |
| 994 | # | # | |a DLU |
| 900 | # | # | |a False |
| 911 | # | # | |a Administrator |
| 925 | # | # | |a G |
| 926 | # | # | |a A |
| 927 | # | # | |a SH |
| 980 | # | # | |a Thư viện Trường Đại học Đà Lạt |